000 00228nam a2200097Ia 4500
008 190216s9999||||xx |||||||||||||| ||und||
100 _aBethu Bag
245 4 _aThe Principles And Practice Of Auditing
260 _bNull
942 _cBK
999 _c3915
_d3915